Rural development (Record no. 1848474)

MARC details
000 -LEADER
fixed length control field 00508nam a22002057a 4500
005 - DATE AND TIME OF LATEST TRANSACTION
control field 20260423170345.0
008 - FIXED-LENGTH DATA ELEMENTS--GENERAL INFORMATION
fixed length control field 260423b |||||||| |||| 00| 0 eng d
037 ## - SOURCE OF ACQUISITION
Terms of availability DSWL
040 ## - CATALOGING SOURCE
Original cataloging agency DSWL
Transcribing agency DSWL
041 ## - LANGUAGE CODE
Language code of original eng
100 ## - MAIN ENTRY--PERSONAL NAME
Personal name Singh, Katar
245 ## - TITLE STATEMENT
Title Rural development
250 ## - EDITION STATEMENT
Edition statement 4th
260 ## - PUBLICATION, DISTRIBUTION, ETC.
Place of publication, distribution, etc. New Delhi,
Name of publisher, distributor, etc. Sage Publication,
Date of publication, distribution, etc. 2016
300 ## - PHYSICAL DESCRIPTION
Extent 335p
365 ## - TRADE PRICE
Price type code INR
Price amount 425
700 ## - ADDED ENTRY--PERSONAL NAME
Personal name Anil Shishodia
942 ## - ADDED ENTRY ELEMENTS (KOHA)
Source of classification or shelving scheme Colon Classification (CC)
Koha item type Textual
Suppress in OPAC No
Holdings
Withdrawn status Lost status Source of classification or shelving scheme Damaged status Not for loan Home library Current library Date acquired Source of acquisition Cost, normal purchase price Inventory number Total Checkouts Barcode Date last seen Price effective from Koha item type
    Colon Classification (CC)     Department of Social Work Library Department of Social Work Library 2018-02-27 S.K.Books 425.00 280/23.02.18   SW0032397 2026-04-23 2026-04-23 Textual
Copyright @ Delhi University Library System